000 00357nam a2200169Ia 4500
100 _aShah/Sharanam/ Shah/Vaishali
650 _aProgramming
942 _cBK
366 _f20
654 _aLAMP
245 _aLAMP Programming
260 _bShroff Publ.
_c2009
082 _a5.133
_bSHA
300 _a1201
546 _aENGLISH
_cComputers
999 _c24559
_d24559